| 000 | 01040nam a2200337 a 4500 | ||
|---|---|---|---|
| 003 | AR-BaBNM | ||
| 005 | 20251128210524.0 | ||
| 008 | 082120s2002 ||||||||||||||000 | spa|| | ||
| 020 | _a84-7112-407-6 | ||
| 040 | _cAR-BaBNM | ||
| 100 | 1 | _aCarr, Wilfred | |
| 245 | 0 | 0 |
_aUna teoría para la educación _bhacia una investigación educativa crítica |
| 260 |
_aMadrid _bFundación Paideia _bEdiciones Morata _c1996 |
||
| 300 |
_a173 p. _btablas |
||
| 490 | 0 | _aEducación crítica | |
| 500 | _aContiene referencias bibliográficas | ||
| 500 | _aContiene índice de autores y materias | ||
| 650 | 4 | _aTEORIAS DE LA EDUCACION | |
| 650 | 4 | _aFILOSOFIA DE LA EDUCACION | |
| 650 | 4 | _aPRAXIS EDUCATIVA | |
| 650 | 4 | _aEPISTEMOLOGIA | |
| 650 | 4 | _aINVESTIGACION CIENTIFICA | |
| 653 | _aINVESTIGACION EDUCATIVA | ||
| 653 | _aINVESTIGACION ACCION | ||
| 653 | _aPEDAGOGIA CRITICA | ||
| 653 | _aTEORIAS CRITICAS | ||
| 700 | 1 |
_aManzano, Pablo _etraductor |
|
| 800 | 1 |
_aTorres Santomé, Jurjo _edirector |
|
| 942 | _cBK | ||
| 998 | _cRaquel | ||
| 999 |
_c15790 _d15790 |
||